000 00393 a2200133 4500
001 ART_15629
005 20260410161736.0
008 260409a
245 1 0 _aLuces y sombras de un año dificil
100 1 _aExpósito, David
700 1 _adel Villar, Hernán
700 1 _aSánchez, Carlos E.
773 0 _tEjecutivos de finanzas
_g- Año 6, Nº 43 (mar. 1988)
_wREV2863
999 _c18271
_d18271